000
00290nam a2200133Ia 4500
100
_a
Roy choudhary/D
942
_c
BK
654
_a
Networks
245
_a
Networks and systems
260
_b
New Age Interational Ltd.
_c
1988
082
_a
621.392
_b
ROY
300
_a
926
546
_a
ENGLISH
999
_c
32246
_d
32246